30 Math Problems in 45 Seconds - Statistics

General Stats
  • This quiz has been taken 1,023 times
  • The average score is 26 of 30
Answer Stats
Hint Answer % Correct
3x4 12
100%
2+2 4
100%
1x7 7
100%
2+5 7
100%
7-2 5
99%
8-7 1
98%
16/2 8
98%
81/9 9
98%
10x10 100
97%
7+13 20
97%
12x10 120
96%
17-5 12
95%
2x2 4
95%
3x2 6
95%
4-4 0
94%
37125x0 0
93%
10+11 21
92%
6x7 42
89%
8+9 17
88%
21/7 3
86%
9+2 11
85%
11/1 11
82%
4x9 36
78%
7x8 56
73%
2+3 5
70%
20/10 2
68%
11x11 121
60%
0/37 0
59%
4/4 1
55%
2x2x2 8
50%
No matching quizzes found
Score Distribution
Percent of People with Each Score
Percentile by Number Answered
Your Score History
You have not taken this quiz